000 00789nam a22002297a 4500
999 _c14525
_d14525
003 AR-CdUCM
008 190423b ||||| |||| 00| 0 spa d
020 _a978-987-705-140-7
040 _aMUNICIPALIDAD PROVINCIAL DEL CUSCO
_cBIBLIOTECA MUNICIPAL DEL CUSCO
082 _aPI / 808.08 /
_bD82
110 _aDisney Junior.
_932874
245 _aDisney Doctora juguetes :
_bVisita al médico /
260 _aBuenos Aires :
_bEl gato de hojalata,
_c2015.
300 _a11 páginas ;
_bilustraciones,
_c15 cm.
440 _aColección Escenas Mágicas.
_n194
_933328
650 _aCuentos infantiles
_93927
650 _aLiteratura infantil
_9588
700 _aDelía, María Eugenia (coordinación)
_933329
710 _aDisney.
_933330
942 _2ddc
_cLIBROS
945 _aachl
_d2019-04-23